• 首页
  • 本馆介绍
  • 公告通知
  • 最新文献
  • 馆藏检索
  • 电子资源
  • 读者导购
  • 参考咨询
  • 我的图书馆
  • 登录
  • 详细信息显示
  • 放入我的书架
  • 预约/预借图书
  • 作者相关作品
  • 分类相关作品
  • 丛书相关作品
  • 出版社相关作品

书目信息

  • 表格格式
  • 工作单格式
  • 卡片格式
题名:
小学数学奥林匹克基础知识题解
    
 
作者: 陶文中 主编
分册: 三年级·修订版  
出版信息: 北京   科学技术文献出版社  1995
页数: 183页
开本: 19cm
丛书名:
单 册:
中图分类: G624.5
科图分类: 38.6351
主题词: 数学-竞赛题--小学--教学参考资料 , 竞赛题-数学--小学--教学参考资料
电子资源:
ISBN: 7-5023-2501-8
000 00835nam0 2200265 45
001 0191018351
005 20070723163707.01
010    @a7-5023-2501-8@dCNY6.00
020    @aCN@b91018351
100    @a19920604d1995 cd y0chiy0121 ea
101 0  @achi
102    @aCN@b510000
102    @aCN@b110000
105    @ay z 000yy
200 10 @a小学数学奥林匹克基础知识题解@Axiao xue shu xue ao lin pi ke ji chu zhi shi ti jie@h三年级·修订版@f陶文中主编@Ftao wen zhong zhu bian
210    @a北京@c科学技术文献出版社@d1995@h2000
215    @a183页@d19cm
540 1  @a奥林匹克@Aao lin pi ke
606    @a数学-竞赛题@x小学@x教学参考资料
606    @a竞赛题-数学@x小学@x教学参考资料
690    @aG624.5
692    @a38.6351
701  0 @a陶文中@Atao wen zhong@4主编
801  0 @aCN@bTSSF@c20070723
905    @a10447@dG624.5@e340:3
    
    小学数学奥林匹克基础知识题解.三年级·修订版/陶文中主编.-北京:科学技术文献出版社,1995(2000)
    183页;19cm
    
    
    ISBN 7-5023-2501-8:CNY6.00
    
●
相关链接 在E读中查询图书 在五车中查询图书 在当当中查询图书 在豆瓣中查询图书


正题名:小学数学奥林匹克基础知识题解     索取号:G624.5/340:3         预约/预借

序号 登录号 条形码 馆藏地/架位号 状态 备注
1 0769771   207697713   第一样本阅览室/ [索取号:G624.5/340:3] 在馆    
唐山师范学院图书馆 欢迎您!
大连网信软件有限公司© 版权所有